Development of low cost, efficient, multipurpose haptic feedback system for a surgical robot (Record no. 11317)

000 -LEADER
fixed length control field 00641 a2200181 4500
003 - CONTROL NUMBER IDENTIFIER
control field NUST
038 ## - RECORD CONTENT LICENSOR
Staff Name a
082 ## - DEWEY DECIMAL CLASSIFICATION NUMBER
Classification number BEE-5
100 ## - MAIN ENTRY--PERSONAL NAME
Personal name Muhammad Yaqoob
9 (RLIN) 66134
245 ## - TITLE STATEMENT
Title Development of low cost, efficient, multipurpose haptic feedback system for a surgical robot
Statement of responsibility, etc. Muhammad Yaqoob
260 ## - PUBLICATION, DISTRIBUTION, ETC.
Place of publication, distribution, etc. Islamabad
Name of publisher, distributor, etc. NUST-SEECS
Date of publication, distribution, etc. 2012
300 ## - PHYSICAL DESCRIPTION
Extent 51p.
Other physical details ;ill.
Dimensions ;27cm.+
Accompanying material CD ROM
500 ## - GENERAL NOTE
General note Supervisors:Dr. Sohail Iqbal, Dr. yasar Ayaz, Ms. Mehrin Kiani
563 ## - BINDING INFORMATION
Binding note a
700 ## - ADDED ENTRY--PERSONAL NAME
Personal name Sardar Rushan Sher Qaisrani, Muhammad Waqas Tariq
9 (RLIN) 93349
856 ## - ELECTRONIC LOCATION AND ACCESS
Uniform Resource Identifier <a href="http://10.250.8.41:8080/xmlui/handle/123456789/10504">http://10.250.8.41:8080/xmlui/handle/123456789/10504</a>
942 ## - ADDED ENTRY ELEMENTS (KOHA)
Koha item type Thesis
Call number prefix BEE-5 YAQ
Source of classification or shelving scheme
Holdings
Withdrawn status Lost status Source of classification or shelving scheme Damaged status Not for loan Permanent Location Current Location Date acquired Total Checkouts Full call number Barcode Date last seen Date last checked out Price effective from Koha item type
WITHDRAWN         Central Library (CL) Central Library (CL) 07/06/2022 1 BEE-5 YAQ SEECSP01127 01/20/2015 12/14/2014 11/14/2012 Project Report
© 2023 Central Library, National University of Sciences and Technology. All Rights Reserved.